[Event "FRA-chT2 East 0809"]
[Site "France"]
[Date "2009.03.14"]
[Round "8.4"]
[White "Xheladini, Fikri"]
[Black "Lamoureux, Izabelle"]
[Result "1-0"]
[WhiteElo "2094"]
[BlackElo "2105"]
[PlyCount "101"]
[EventDate "2008.10.19"]
[EventType "team-tourn"]
[EventRounds "11"]
[EventCountry "FRA"]
[SourceTitle "EXT 2010"]
[Source "ChessBase"]
[SourceDate "2010.11.25"]
[SourceVersion "1"]
[SourceVersionDate "2010.11.25"]
[SourceQuality "1"]
[WhiteTeam "Mulhouse IV"]
[BlackTeam "Montrevel en Bresse"]
[WhiteTeamCountry "FRA"]
[BlackTeamCountry "FRA"]

1. e4 c5 2. Bc4 e6 3. Qe2 Nc6 4. Nf3 Na5 5. d3 Ne7 6. a3 Nxc4 7. dxc4 Nc6 8. Nc3 Be7 9. Bf4 a6 10. 0-0 0-0 11. Rfd1 Qb6 12. Rab1 Nd4 13. Nxd4 cxd4 14. Na2 d6 15. e5 Rd8 16. b4 a5 17. exd6 Bf6 18. c5 Qc6 19. Nc1 axb4 20. axb4 b6 21. Nb3 bxc5 22. bxc5 Bb7 23. f3 e5 24. Bg3 Re8 25. Bf2 Ra2 26. Qc4 Rea8 27. Nd2 Qd5 28. Qb4 Bc6 29. Ne4 Rxc2 30. Rbc1 Qa2 31. Nxf6+ gxf6 32. Qe1 Rb8 33. Rxc2 Qxc2 34. Rc1 Qa2 35. Bh4 Qe6 36. Qd2 Kg7 37. h3 Ra8 38. Rc2 Qf5 39. Rb2 Qh5 40. Qf2 Ra1+ 41. Kh2 Rc1 42. f4 e4 43. f5 Qd1 44. Qg3+ Kh6 45. Qf4+ Kg7 46. Rd2 Qg1+ 47. Kg3 Rc3+ 48. Kg4 e3 49. Bxf6+ Kf8 50. d7 Bxd7 51. Qd6+ 1-0

[Event "BCF-chT2 0708 (4NCL)"]
[Site "Sunningdale"]
[Date "2007.11.11"]
[Round "4.5"]
[White "Hodgson, John H"]
[Black "Lamoureux, Izabelle"]
[Result "1-0"]
[WhiteElo "2207"]
[BlackElo "2084"]
[PlyCount "73"]
[EventDate "2007.09.15"]
[EventType "team-tourn"]
[EventRounds "11"]
[EventCountry "ENG"]
[SourceTitle "EXT 2023"]
[Source "ChessBase"]
[SourceDate "2022.10.05"]
[SourceVersion "1"]
[SourceVersionDate "2022.10.05"]
[SourceQuality "1"]
[WhiteTeam "Barbican"]
[BlackTeam "Cheddleton"]
[WhiteTeamCountry "ENG"]
[BlackTeamCountry "ENG"]

1. e4 c5 2. Nf3 Nc6 3. d4 cxd4 4. Nxd4 Nf6 5. Nc3 e5 6. Ndb5 d6 7. Bg5 a6 8. Na3 b5 9. Bxf6 gxf6 10. Nd5 Bg7 11. Bd3 Ne7 12. Nxe7 Qxe7 13. c3 f5 14. Nc2 Qg5 15. Qe2 0-0 16. f3 d5 17. Nb4 dxe4 18. fxe4 Qh4+ 19. Qf2 Qg4 20. h3 Qg5 21. 0-0 f4 22. Kh2 Kh8 23. a4 bxa4 24. Rxa4 a5 25. Nd5 Bb7 26. c4 Rg8 27. Be2 Bf8 28. Bf3 Ra6 29. Rfa1 Bc5 30. Qxc5 Qg3+ 31. Kh1 Rh6 32. Ne7 Rxh3+ 33. Kg1 Qh2+ 34. Kf1 Rxf3+ 35. gxf3 Qh1+ 36. Ke2 Qg2+ 37. Qf2 1-0

[Event "FRA-chT2 East 0607"]
[Site "France"]
[Date "2007.03.31"]
[Round "10.5"]
[White "Hartweg, Nicolas"]
[Black "Lamoureux, Izabelle"]
[Result "0-1"]
[WhiteElo "2037"]
[BlackElo "2039"]
[PlyCount "32"]
[EventDate "2006.10.15"]
[EventType "team"]
[EventRounds "11"]
[EventCountry "FRA"]
[SourceTitle "EXT 2008"]
[Source "ChessBase"]
[SourceDate "2007.11.25"]
[SourceVersion "1"]
[SourceVersionDate "2007.11.25"]
[SourceQuality "1"]
[WhiteTeam "Bischwiller II"]
[BlackTeam "Montrevel en Bresse"]
[WhiteTeamCountry "FRA"]
[BlackTeamCountry "FRA"]

1. d4 d5 2. c4 Bf5 3. Nc3 e6 4. Nf3 Nf6 5. Bg5 c6 6. e3 Nbd7 7. Ne5 Be7 8. Be2 h6 9. Bxf6 Nxf6 10. f4 dxc4 11. Bxc4 Nd5 12. Qf3 Bb4 13. e4 Nxc3 14. bxc3 Qxd4 15. Rc1 Bxe4 16. Qh5 Qe3+ 0-1

[Event "SUI-chT"]
[Site "Switzerland"]
[Date "2006.09.03"]
[Round "7.8"]
[White "Lamoureux, Izabelle"]
[Black "Weindl, Alfred"]
[Result "0-1"]
[WhiteElo "2038"]
[BlackElo "2338"]
[PlyCount "142"]
[EventDate "2006.02.26"]
[EventType "team-tourn"]
[EventRounds "9"]
[EventCountry "SUI"]
[SourceTitle "EXT 2007"]
[Source "ChessBase"]
[SourceDate "2006.11.23"]
[SourceVersion "1"]
[SourceVersionDate "2006.11.23"]
[SourceQuality "1"]
[WhiteTeam "Lausanne"]
[BlackTeam "Reichenstein"]
[WhiteTeamCountry "SUI"]
[BlackTeamCountry "SUI"]

1. e4 c5 2. Nf3 Nc6 3. d4 cxd4 4. Nxd4 Nf6 5. Nc3 d6 6. Be2 e6 7. f4 Be7 8. Be3 0-0 9. Qd2 a6 10. 0-0-0 Nxd4 11. Qxd4 Nd7 12. e5 d5 13. f5 Bc5 14. Qf4 Bxe3+ 15. Qxe3 Qc7 16. fxe6 fxe6 17. Bg4 Nxe5 18. Bxe6+ Bxe6 19. Rde1 d4 20. Qxe5 Qxe5 21. Rxe5 dxc3 22. Rxe6 cxb2+ 23. Kxb2 Rf2 24. Re7 b5 25. Rc7 Rxg2 26. h4 Rf2 27. Rd1 Rf7 28. Rc6 Rf6 29. Rc7 Raf8 30. Ra7 h5 31. Rd5 Rc8 32. Rxh5 Rf2 33. Rxa6 Rcxc2+ 34. Kb3 Rb2+ 35. Kc3 b4+ 36. Kc4 Rxa2 37. Rxa2 Rxa2 38. Kxb4 Rc2 39. Kb5 Rc1 40. Rg5 Kh7 41. Rg4 Kh6 42. Kb6 g6 43. Kb5 Rc8 44. Kb6 Rc3 45. Kb5 Rc7 46. Kb6 Rc8 47. Kb5 Rg8 48. Kc5 Kh5 49. Rd4 Ra8 50. Kc6 Ra1 51. Kd5 Rh1 52. Ke5 Rxh4 53. Rd8 Ra4 54. Rg8 g5 55. Kf5 Rf4+ 56. Ke5 Kg4 57. Rg7 Rf1 58. Ke4 Re1+ 59. Kd3 Kh4 60. Kd2 Re8 61. Kd3 g4 62. Kd2 Kh3 63. Kd3 g3 64. Kd2 Kh2 65. Rh7+ Kg1 66. Rg7 g2 67. Rh7 Re5 68. Rh8 Kf2 69. Rf8+ Kg3 70. Rg8+ Kf3 71. Rg7 Re4 0-1

[Event "FRA-chT2D 0506"]
[Site "France"]
[Date "2006.03.12"]
[Round "9.5"]
[White "Lamoureux, Izabelle"]
[Black "Debray, Christopher"]
[Result "0-1"]
[WhiteElo "2033"]
[BlackElo "2215"]
[PlyCount "71"]
[EventDate "2005.10.27"]
[EventType "team-tourn"]
[EventRounds "11"]
[EventCountry "FRA"]
[SourceTitle "EXT 2006"]
[Source "ChessBase"]
[SourceDate "2005.11.24"]
[SourceVersion "1"]
[SourceVersionDate "2005.11.24"]
[SourceQuality "1"]
[WhiteTeam "Montrevel en Bresse"]
[BlackTeam "Evry II"]
[WhiteTeamCountry "FRA"]
[BlackTeamCountry "FRA"]

1. e4 c5 2. Nf3 d6 3. d4 cxd4 4. Nxd4 Nf6 5. Nc3 a6 6. Be2 e6 7. f4 Qc7 8. Be3 Be7 9. Qd2 0-0 10. 0-0-0 b5 11. a3 Bb7 12. Bf3 Nbd7 13. g4 Nb6 14. g5 Nfd7 15. h4 Nc4 16. Qe1 Rfc8 17. Bd2 Ndb6 18. h5 Nxd2 19. Rxd2 Nc4 20. Rd3 d5 21. e5 b4 22. axb4 Bxb4 23. Nb3 a5 24. g6 h6 25. gxf7+ Qxf7 26. Qg3 a4 27. Nd4 a3 28. bxa3 Bxa3+ 29. Kd1 Nb2+ 30. Kd2 Nxd3 31. Kxd3 Ba6+ 32. Ncb5 Bxb5+ 33. Nxb5 Qf5+ 34. Ke3 Qxc2 35. Qg6 Qc5+ 36. Nd4 0-1

[Event "Mediterranean-ch 3rd"]
[Site "Antalya"]
[Date "2006.02.06"]
[Round "8"]
[White "Makropoulou, Marina"]
[Black "Lamoureux, Izabelle"]
[Result "1-0"]
[WhiteElo "2284"]
[BlackElo "2033"]
[PlyCount "75"]
[EventDate "2006.02.01"]
[EventType "swiss"]
[EventRounds "9"]
[EventCountry "TUR"]
[SourceTitle "CBM 110 Extra"]
[Source "ChessBase"]
[SourceDate "2006.03.10"]
[SourceVersion "2"]
[SourceVersionDate "2006.03.10"]
[SourceQuality "1"]

1. e4 c5 2. Nf3 Nc6 3. Bb5 g6 4. Bxc6 dxc6 5. d3 Bg7 6. h3 Nf6 7. Nc3 Qc7 8. Be3 b6 9. Qd2 h6 10. Bf4 Qd7 11. 0-0 Nh5 12. Be5 0-0 13. Bxg7 Kxg7 14. a4 a5 15. Rae1 Kh7 16. b3 Qc7 17. e5 Be6 18. Nh2 Rad8 19. Qe3 Qd7 20. Ne2 Ng7 21. g4 f5 22. exf6 exf6 23. Nf4 Rde8 24. Qg3 f5 25. Nf3 fxg4 26. Ne5 Qd6 27. Nexg6 Rf6 28. Nxe6 Rexe6 29. Qxd6 Rxd6 30. Ne5 gxh3 31. Kh2 Nf5 32. Kxh3 Nd4 33. Nc4 Rf3+ 34. Kh2 Rd7 35. Ne5 Re7 36. c3 Nc2 37. Nxf3 Rf7 38. Re2 1-0

[Event "FRA-chT2"]
[Site "France"]
[Date "2002.03.09"]
[Round "8"]
[White "Choukroun, Georges"]
[Black "Lamoureux, Izabelle"]
[Result "1/2-1/2"]
[WhiteElo "2020"]
[BlackElo "2039"]
[PlyCount "44"]
[EventDate "2002.??.??"]
[EventType "team"]
[EventRounds "11"]
[EventCountry "FRA"]
[SourceTitle "EXT 2003"]
[Source "ChessBase"]
[SourceDate "2002.11.25"]
[SourceVersion "1"]
[SourceVersionDate "2002.11.25"]
[SourceQuality "1"]
[WhiteTeam "Nantes"]
[BlackTeam "Poitiers"]
[WhiteTeamCountry "FRA"]
[BlackTeamCountry "FRA"]

1. e4 c5 2. Nf3 Nc6 3. c3 d5 4. exd5 Qxd5 5. d4 Bg4 6. Be2 e6 7. 0-0 Nf6 8. c4 Qd7 9. dxc5 Qxd1 10. Rxd1 Bxc5 11. Nc3 h6 12. Bf4 0-0 13. a3 a5 14. Bd6 Bxd6 15. Rxd6 Rfd8 16. Rad1 Rxd6 17. Rxd6 Kf8 18. h3 Bh5 19. Kf1 Ke7 20. Rd1 Rc8 21. b3 Rd8 22. Rxd8 Kxd8 1/2-1/2